000 01087nam0a22002411 4500
001 rc\375551
005 20260407125439.0
035 _a(NLR Aleph) 005607490
090 _a6377822
_c6377822
100 _a20030307d1989 |||y0rusy50 ca
101 0 _arus
102 _aRU
105 _ay |||||||||
200 1 _aЭ.И. Моносзон (1908-1987)
_e[Ученый-педагог]
_eБиобиблиогр. указ.
_fАПН СССР, НИИ общ. педагогики, Гос. науч. пед. б-ка им. К.Д. Ушинского
_g[Составители С.Ф. Батракова, Е.А. Котляренко
_gАвт. вступ. ст.: Т.Б. Игнатьева]
210 _aМ.
_cГНПБ
_d1989
215 _a79 с.
_d21
702 1 _aБатракова
_bС.Ф.
_4220
712 0 2 _aГосударственная научная педагогическая библиотека им. К. Д. Ушинского
_cМосква
_3RU\NLR\AUTH\889969518
_9435356
801 0 _aRU
_bNLR
_gpsbo
801 1 _aRU
_bELAR
_2rusmarc
852 _aNLR
_bС
_jК-1/4678
942 _cBOOK
980 _aNB